[Event "36th Mitropa Cup Open 2018"]
[Site "Isola Capo Rizzuto"]
[Date "2018.06.05"]
[Round "5.15"]
[White "Cernousek, Lukas"]
[Black "Blohberger, Felix"]
[Result "1-0"]
[WhiteElo "2466"]
[BlackElo "2423"]
[Annotator "TA"]
[PlyCount "129"]
[EventDate "2018.05.31"]
[EventType "team-tourn"]
[EventCountry "ITA"]
[SourceTitle "playchess.com"]
[Source "ChessBase"]
[SourceQuality "1"]
[WhiteTeam "Czech Republic"]
[BlackTeam "Austria"]
[WhiteTeamCountry "CZE"]
[BlackTeamCountry "AUT"]

{[%evp 11,129,22,28,10,10,9,0,0,0,0,0,0,8,11,17,-6,0,0,0,-9,-6,-8,-3,-7,0,-9,-5,-13,0,-5,0,0,0,0,0,0,0,0,0,0,0,0,0,-12,-12,-20,0,0,0,-2,0,-22,0,-11,0,-18,-18,-18,0,-12,0,-14,0,0,0,-44,0,0,0,-4,0,0,8,8,8,8,8,18,47,0,0,0,0,0,5,0,0,0,0,-156,-106,-103,-69,-395,-387,-496,-450,-567,-509,-1025,-246,-737,-462,-968,2175,2175,2072,2065,29973,29966,29972,29961,29979,29979,29978,29979,29979,29980,29967,5114]} 1. e4 c6 2. d4 d5 3. Nd2 dxe4 4. Nxe4 Nf6 5. Nxf6+ exf6 6. c3 Bf5 {LiveBook: 84 Games} 7. Bf4 {B15: Caro-Kann: 3 Nc3: 3...g6 and 3...dxe4 4 Nxe4 Nf6 5 Nxf6+ exf6} (7. Bd3 Bxd3 8. Qxd3 Bd6 9. Qe3+ Qe7 10. Nf3 Nd7 11. Qxe7+ Kxe7 12. Be3 Nb6 13. O-O-O Kd7 14. Rhe1 Nd5 {½-½ (50) Wei,Y (2707)-Rapport,R (2717) Yancheng 2016}) 7... Bd6 8. Bxd6 Qxd6 9. Bd3 {The position is equal.} Bxd3 10. Qxd3 O-O 11. Ne2 Nd7 12. O-O Rfe8 13. Rad1 $146 ({Predecessor:} 13. Rfd1 Rad8 14. Qg3 Qxg3 15. Nxg3 {1-0 (58) Priborsky,J (2331)-Roeder,G (2016) Bayern 2014}) 13... Rad8 14. Qc2 f5 15. Nc1 g6 16. Rfe1 h5 17. Nd3 Re4 18. f3 Rxe1+ 19. Rxe1 b6 20. Qe2 c5 21. Rd1 cxd4 22. Nb4 Nf8 23. Rxd4 Qc5 24. Nd3 (24. Qf2 {looks sharper.} Rxd4 25. Qxd4 Qe7 26. Kf2 Qg5 27. Nd5) 24... Qc8 25. Rxd8 Qxd8 26. Qe3 Qd5 27. b3 Ne6 28. Kf2 Qa5 29. Qd2 Qd5 30. Ke2 Qd6 31. h3 Qg3 32. Kd1 g5 33. Qf2 Qh2 34. Qe2 Qg1+ 35. Kc2 Kg7 36. b4 a5 37. Qf2 Qa1 38. Kb3 axb4 (38... a4+ $5 39. Kc4 {[#]} b5+ $1 {[%mdl 512]} 40. Kxb5 Qxc3 $17) 39. cxb4 Qd1+ 40. Kc3 b5 41. Qe1 Qa4 $132 {[%mdl 2048] [#] And now ...Qa3+ would win. Black has counterplay} 42. Kb2 Qa7 43. Nc5 {Hoping for Qe5+.} Nf4 44. Qe5+ Kg6 45. h4 (45. a4 $5 bxa4 46. g4 fxg4 47. fxg4 $11 (47. hxg4 h4 $17)) 45... f6 46. Qd6 {Strongly threatening hxg5.} Nxg2 47. hxg5 Qg7 48. Kb1 h4 49. Qh2 {Threatens to win with gxf6.} Ne3 50. Qg1 $2 (50. Qb8 $11) 50... Qe7 51. gxf6+ Kxf6 {...Kf7 is the strong threat.} 52. f4 $2 {[%mdl 8192]} ({Don't blunder} 52. Qg8 $2 Qd6 $19) (52. a4 $1 $15 bxa4 53. Qh2) 52... Ng4 $19 53. Qh1 Kg6 54. Qc6+ Kh5 55. Qc8 (55. Qh1 $142) 55... Ne3 $2 (55... h3 56. Kb2 h2 57. Qxf5+ Kh4) 56. Kc1 $2 (56. Qg8) 56... Kg4 57. Nd3 (57. Qc6 $142 Qf7 58. a3) 57... Qe4 $4 {[%mdl 8192]} (57... Kg3 $19 58. Qc3 Nd5) 58. Nf2+ $18 Kxf4 59. Nxe4 fxe4 60. Kd2 {White mates.} Nf5 61. Ke1 e3 62. Qb8+ Ke4 63. Qxb5 Nd4 64. Qe8+ Kd3 65. Qg6+ {Precision: White = 48%, Black = 59%.} (65. b5 $142 e2 66. Qd7 Ke3 67. Qe8+ Kd3 68. Kf2 e1=R 69. Kxe1 h3 70. b6) 1-0

[Event "36th Mitropa Cup Open 2018"]
[Site "Isola Capo Rizzuto"]
[Date "2018.06.05"]
[Round "5.16"]
[White "Kreisl, Robert"]
[Black "Vykouk, Jan"]
[Result "1/2-1/2"]
[WhiteElo "2402"]
[BlackElo "2425"]
[Annotator "TA"]
[PlyCount "158"]
[EventDate "2018.05.31"]
[EventType "team-tourn"]
[EventCountry "ITA"]
[SourceTitle "playchess.com"]
[Source "ChessBase"]
[SourceQuality "1"]
[WhiteTeam "Austria"]
[BlackTeam "Czech Republic"]
[WhiteTeamCountry "AUT"]
[BlackTeamCountry "CZE"]

{[%evp 15,157,0,29,-36,-42,-52,-59,-70,-70,-77,-63,-76,-70,-80,-75,-75,-75,-84,-86,-85,-75,-77,-81,-87,-82,-72,-16,-16,-15,-41,-23,-25,-25,-25,-23,-15,0,0,0,0,0,0,0,0,0,0,0,0,0,0,0,0,0,0,0,-33,-26,-12,0,0,0,0,0,0,0,0,0,0,0,0,0,0,0,0,0,0,0,0,0,0,0,0,0,0,0,0,0,0,0,0,0,0,0,0,0,0,0,-4,-4,-4,-4,-4,-4,-4,-4,-8,-4,-8,-4,-4,-4,-8,0,-4,-4,-4,0,0,0,0,0,0,0,0,0,0,0,0,0,0,0,0,0,0,0,0,0,0,0,0,0,0,0,0]} 1. Nf3 d5 2. d4 Nf6 3. c4 c6 4. g3 g6 5. Bg2 Bg7 6. O-O O-O 7. Qb3 Qb6 8. Nc3 Be6 {LiveBook: 40 Games} 9. Qxb6 {D78: Fianchetto Grünfeld: 6 0-0 c6} (9. Ng5 $11) (9. Na4 Qxb3 10. axb3 Nbd7 11. Nc3 h6 12. Ne5 Nb6 13. c5 Nbd7 14. f4 a6 15. b4 Bf5 16. h3 h5 {½-½ (50) Kramnik,V (2777)-Andreikin,D (2720) Baku 2015}) 9... axb6 $15 10. cxd5 Nxd5 11. a3 {Black is slightly better.} Nxc3 12. bxc3 Nd7 13. e4 b5 14. Be3 $146 ({Predecessor:} 14. Bg5 Rfe8 15. Rfb1 Bc4 {0-1 (34) Bao,K (2170)-Nguyen,D (2046) Hue 2009}) 14... Ra4 15. d5 cxd5 16. Nd4 Bxd4 17. Bxd4 dxe4 {Strongly threatening ...Bc4.} 18. Bxe4 Bh3 19. Bg2 Bxg2 20. Kxg2 e5 (20... Rc8 $17) 21. Be3 $11 Rc8 22. Rab1 Rxc3 23. Rxb5 Rc7 24. Rd1 Kf8 25. Bd2 Ke8 26. Bb4 f6 27. Bd6 Rc6 28. Rxb7 Rd4 29. Rxd4 exd4 {[%mdl 4096] Endgame KRB-KRN} 30. Bb4 d3 31. Rb5 Rc2 32. Rd5 Ne5 33. h3 Kf7 34. Kf1 Ke6 35. Rd4 Rc1+ 36. Kg2 Rc4 {The position is equal.} 37. Rd6+ Kf5 38. f4 Rc2+ 39. Kf1 Nc4 40. Rxd3 Ke4 41. Rc3 Ne3+ 42. Ke1 Rb2 {[#] Threatens to win with ...Kf3.} 43. Bc5 Nd5 44. Rc1 Kf3 45. Rd1 $1 {[%cal Rd1d5]} Re2+ 46. Kf1 Ne3+ 47. Bxe3 $1 Rxe3 {KR-KR} 48. Ra1 $1 Kxg3 {...Re7 is the strong threat.} 49. a4 Kxf4 50. a5 Re7 ({Don't blunder} 50... Rxh3 $2 51. Ra4+ Kf5 52. a6 $18) 51. a6 Ra7 52. Kf2 Ke4 53. h4 Kd5 54. Kf3 Kc5 {aiming for ...Kb5.} 55. h5 Kb6 56. Rg1 gxh5 57. Rh1 Rxa6 {With the idea ...Ra5.} 58. Rxh5 Kc6 59. Rxh7 Kd6 60. Rb7 Ke6 61. Rb5 Rd6 62. Ke4 Rc6 63. Kf3 Rd6 64. Ke4 Rd1 65. Rb6+ Rd6 66. Rxd6+ Kxd6 {KP-K} 67. Kf5 Ke7 {[%cal Bd6e7,Be7e6,Be6f6,Bf6e5,Be5f5,Bf5e4,Be4f4,Bf4e3,Be3f3][%mdl 32]} 68. Kf4 Ke6 69. Ke4 f5+ 70. Kf4 {[%cal Be4f4,Bf4f3,Bf3e3][%mdl 32]} Kf6 71. Kf3 Ke5 72. Ke3 f4+ 73. Kf3 Kf5 74. Kf2 Ke4 75. Ke2 f3+ 76. Kf2 Kf4 77. Kf1 Ke3 {[#] ( -> ...f2)} (77... Kg3 $5 78. Kg1 $8 Kh4 $11) 78. Ke1 f2+ $2 {[%mdl 8192]} (78... Kd4 79. Kf2 Ke5) 79. Kf1 Kf3 {Precision: White = 77%, Black = 79%.} 1/2-1/2

[Event "36th Mitropa Cup Open 2018"]
[Site "Isola Capo Rizzuto"]
[Date "2018.06.05"]
[Round "5.17"]
[White "Repka, Christopher"]
[Black "Huschenbeth, Niclas"]
[Result "1/2-1/2"]
[WhiteElo "2534"]
[BlackElo "2571"]
[Annotator "TA"]
[PlyCount "81"]
[EventDate "2018.05.31"]
[EventType "team-tourn"]
[EventCountry "ITA"]
[SourceTitle "playchess.com"]
[Source "ChessBase"]
[SourceQuality "1"]
[WhiteTeam "Slovakia"]
[BlackTeam "Germany"]
[WhiteTeamCountry "SVK"]
[BlackTeamCountry "GER"]

{[%evp 9,81,0,0,0,0,0,0,0,0,0,0,0,0,2,14,0,0,0,0,0,12,18,22,17,29,2,2,0,0,0,0,0,0,0,0,0,0,0,0,0,2,0,2,-11,-7,-10,0,-10,-8,-9,-16,-9,-14,-9,-9,-41,-28,-29,-9,-49,0,0,0,0,0,0,0,0,0,0,0,0,0,0]} 1. Nf3 d5 2. g3 Nf6 3. Bg2 e6 4. O-O Be7 5. b3 (5. c4 O-O 6. Qc2 d4 7. d3 Nc6 8. a3 a5 9. e3 e5 10. exd4 exd4 11. Re1 Re8 12. Bg5 h6 13. Bxf6 Bxf6 14. Rxe8+ Qxe8 {½-½ (26) Svidler,P (2760)-Kramnik,V (2800) Moscow 2018}) 5... c5 6. d4 {A07: Réti Opening: New York and Capablanca Systems} cxd4 7. Bb2 O-O 8. Nxd4 e5 9. Nf3 e4 10. Nd4 Nc6 11. c4 Nxd4 12. Qxd4 $146 ({Predecessor:} 12. Bxd4 Bf5 13. cxd5 Qxd5 14. Nc3 Qe6 {0-1 (30) Asilkefeli,M-Svajdler,F LSS email 2007}) 12... dxc4 13. bxc4 Be6 14. Nd2 Qxd4 15. Bxd4 Rfd8 16. e3 Rac8 17. Rac1 b6 18. Rc2 Bb4 19. Nxe4 Nxe4 20. Bxe4 Bxc4 21. Rb1 Be7 22. Bb7 Bd3 23. Rxc8 Rxc8 24. Rd1 Bc2 25. Rd2 Bb4 26. Re2 Bd3 27. Rb2 Rc1+ 28. Kg2 Bc3 29. Rb3 Bf1+ $1 30. Kf3 Bxd4 31. exd4 $11 {[%mdl 4096] Endgame KRB-KRB} Kf8 32. Be4 Bc4 33. Re3 $1 g6 34. Bc6 Bxa2 35. d5 {The position is equal.} Kg7 36. Ra3 Bc4 37. Rxa7 Rd1 38. Ke4 Kf6 39. Rb7 b5 40. Rb6 Ke7 41. Rb7+ {Precision: White = 73%, Black = 86%.} 1/2-1/2

[Event "36th Mitropa Cup Open 2018"]
[Site "Isola Capo Rizzuto"]
[Date "2018.06.05"]
[Round "5.18"]
[White "Kollars, Dmitrij"]
[Black "Nayhebaver, Martin"]
[Result "1/2-1/2"]
[WhiteElo "2541"]
[BlackElo "2471"]
[Annotator "TA"]
[PlyCount "46"]
[EventDate "2018.05.31"]
[EventType "team-tourn"]
[EventCountry "ITA"]
[SourceTitle "playchess.com"]
[Source "ChessBase"]
[SourceQuality "1"]
[WhiteTeam "Germany"]
[BlackTeam "Slovakia"]
[WhiteTeamCountry "GER"]
[BlackTeamCountry "SVK"]

{[%evp 22,46,18,23,31,30,31,12,14,0,53,51,56,51,45,52,52,10,10,0,45,45,57,53,49,54,47]} 1. e4 c5 2. Nc3 Nc6 3. Nf3 e5 4. Bc4 Be7 5. d3 d6 6. Nd2 Nf6 7. Nf1 O-O 8. Ne3 Nd7 {B30: Sicilian: 2...Nc6 3 Bb5, lines without ...g6} 9. Ncd5 (9. a3 Nb6 10. Ba2 Bg5 11. O-O Be6 12. g3 Bxe3 13. Bxe3 Bxa2 14. Rxa2 Qd7 15. b4 cxb4 16. axb4 Nxb4 {½-½ (44) Negi,P (2670)-Moiseenko,A (2676) Khanty-Mansiysk 2017}) 9... Nb6 10. Nxb6 axb6 11. c3 Bg5 12. O-O {LiveBook: 9 Games} Kh8 13. a4 Be6 $146 ({Predecessor:} 13... f5 14. Nxf5 Bxf5 15. Bxg5 Qxg5 16. exf5 Rxf5 {1-0 (25) Babault,P (2320)-Meynard,T (2288) France 2008}) 14. Re1 Bxe3 15. Bxe3 Bxc4 (15... d5 $11 16. exd5 Bxd5) 16. dxc4 $14 Qd7 17. Re2 f5 18. exf5 Rxf5 19. Qd5 Ne7 20. Qd1 Qc6 21. f3 {White is slightly better.} Ng6 22. Qd3 Rf6 23. b3 h6 {Precision: White = 53%, Black = 52%.} 1/2-1/2

[Event "36th Mitropa Cup Open 2018"]
[Site "Isola Capo Rizzuto"]
[Date "2018.06.05"]
[Round "5.19"]
[White "Jablonicky, Martin"]
[Black "Paehtz, Elisabeth"]
[Result "1/2-1/2"]
[WhiteElo "2349"]
[BlackElo "2475"]
[Annotator "TA"]
[PlyCount "132"]
[EventDate "2018.05.31"]
[EventType "team-tourn"]
[EventCountry "ITA"]
[SourceTitle "playchess.com"]
[Source "ChessBase"]
[SourceQuality "1"]
[WhiteTeam "Slovakia"]
[BlackTeam "Germany"]
[WhiteTeamCountry "SVK"]
[BlackTeamCountry "GER"]

{[%evp 14,132,21,6,19,22,31,0,0,16,24,0,0,0,0,0,8,-8,-10,-14,0,0,2,-14,0,-23,-14,-4,-21,-29,-28,-29,-31,-48,-37,-45,-35,-36,-11,-18,-15,-13,-13,-12,0,0,0,0,0,0,0,0,0,0,16,16,28,16,10,10,85,85,85,85,123,129,162,166,182,186,177,185,281,278,289,288,282,280,483,483,478,460,452,441,670,670,657,662,472,662,662,659,643,607,679,644,574,531,486,451,400,384,444,209,163,0,0,0,0,0,0,0,0,0,0,0,0,0,0,0,0]} 1. d4 Nf6 2. Nf3 d5 3. Bf4 c5 4. e3 e6 5. c3 Nc6 6. Nbd2 Nh5 7. Bg5 {D02: Damenbauernspiele} f6 8. Bh4 {LiveBook: 5 Partien} cxd4 (8... g6 9. Bd3 Be7 10. O-O b6 11. Re1 O-O 12. e4 Bb7 13. exd5 exd5 14. Nf1 cxd4 15. Nxd4 Nxd4 16. cxd4 {1-0 (32) So,W (2788)-Dominguez Perez,L (2739) Saint Louis 2017}) 9. cxd4 g6 10. Ne5 $146 ({Vorgänger:} 10. Bb5 Be7 11. Rc1 Bd7 12. a3 O-O 13. g4 Ng7 14. Bg3 Qb6 15. Bxc6 bxc6 {0-1 (41) Macias Reyes,J (1553)-Van den Bersselaar,J (2146) Las Palmas 2018}) 10... Be7 11. Nxc6 bxc6 12. Be2 Ng7 13. Rc1 Nf5 14. Bg3 $1 Bd7 15. O-O Nxg3 16. hxg3 Qb6 17. Nb3 a5 {[%cal Ba7a5,Ba5a4][%mdl 32]} 18. Qd2 Bb4 19. Qc2 a4 20. Nc5 Bxc5 21. Qxc5 Qxc5 22. Rxc5 Ke7 23. Rb1 Rhb8 24. Bd1 Rb4 25. b3 a3 26. Bc2 e5 27. Rd1 Kd6 28. Rc3 Rc8 29. f3 exd4 30. exd4 c5 31. dxc5+ Rxc5 32. Rxc5 Kxc5 $11 {[%mdl 4096] Endspiel KTL-KTL} 33. Kf2 Rd4 {zielt auf ...Txd1 ab.} 34. Bd3 Rb4 35. Ke3 Be6 36. Rh1 d4+ (36... Rb7 $1 $11) 37. Kd2 $16 Rb7 38. Rc1+ Kd6 {[#]} 39. Bc4 $1 Bf5 40. g4 Bd7 41. Kd3 Ke5 42. g3 f5 (42... Rb8 {war einen Versuch wert.} 43. Re1+ Kd6 44. Kxd4 Re8 45. Rxe8 Bxe8) 43. f4+ $18 Kd6 {[#]} 44. g5 $1 ({Schwächer ist} 44. Kxd4 fxg4 45. Rd1 h5 $16) 44... Bc6 45. Kxd4 h6 $2 (45... Re7 46. Rd1 Bf3) 46. gxh6 Rh7 47. b4 {[%cal Bb3b4,Bb4b5][%mdl 32]} Rxh6 48. Rc3 g5 (48... Bb7 $142 49. Rxa3 Rh1) 49. fxg5 Rg6 50. b5 Bb7 51. Rxa3 Rxg5 {beabsichtigt ...Tg4+.} 52. Re3 Rg4+ 53. Kc3 Be4 54. Be2 Rg7 55. g4 Bd5 56. gxf5 Bxa2 57. Kd4 Ra7 58. Rc3 (58. b6 $142 Ra4+ 59. Kc3 Ra3+ 60. Kd2 Rxe3 61. Kxe3) 58... Ra4+ 59. Bc4 $2 ({Weiss braucht} 59. Ke3 $18) 59... Rb4 $1 $11 {Die Stellung ist ausgeglichen.} 60. b6 Bxc4 61. Rxc4 Rxb6 {KT-KT} 62. Ke4 Rb1 63. Kf4 $1 {Schwarz muss nun Te4 beachten.} Ke7 $1 64. Rc6 Kf7 65. Rc7+ Kf6 66. Rc6+ Kf7 {Precision: Weiß = 72%, Schwarz = 54%.} 1/2-1/2

[Event "36th Mitropa Cup Open 2018"]
[Site "Isola Capo Rizzuto"]
[Date "2018.06.05"]
[Round "5.20"]
[White "Perske, Thore"]
[Black "Haring, Filip"]
[Result "1-0"]
[WhiteElo "2451"]
[BlackElo "2339"]
[Annotator "TA"]
[PlyCount "225"]
[EventDate "2018.05.31"]
[EventType "team-tourn"]
[EventCountry "ITA"]
[SourceTitle "playchess.com"]
[Source "ChessBase"]
[SourceQuality "1"]
[WhiteTeam "Germany"]
[BlackTeam "Slovakia"]
[WhiteTeamCountry "GER"]
[BlackTeamCountry "SVK"]

{[%evp 33,225,0,29,22,83,73,86,92,98,105,85,105,92,0,16,0,0,52,91,0,0,-7,-7,-7,-14,-12,-13,-14,0,0,0,0,0,-34,12,-6,0,0,0,0,0,-14,0,0,0,0,0,0,40,0,0,0,85,14,14,14,14,19,22,30,30,30,72,68,86,88,83,106,103,95,100,89,80,12,12,12,12,12,12,8,12,12,12,8,793,350,358,350,350,350,350,343,306,81,81,81,29967,81,81,0,29966,368,350,343,768,768,552,81,81,81,81,81,81,81,81,81,81,81,81,81,29978,0,81,81,81,81,81,81,81,81,81,16,16,0,81,16,170,170,170,24,340,8,29975,29977,29977,29962,29953,0,0,0,29947,29963,29985,29964,29962,29965,29964,29964,29961,29960,5600,1204,1083,1058,996,0,-8,-8,977,977,864,453,843,809,801,704,688,452,430,437,431,430,411,381,784,754,29976,29977,29983,29984,29984,29985,29988,29989]} 1. e4 c5 2. Nf3 e6 3. d4 cxd4 4. Nxd4 a6 5. Bd3 Bc5 6. Nb3 Ba7 7. Qe2 Nc6 8. Be3 d6 9. Nc3 Nf6 10. Bxa7 Rxa7 11. g4 b5 12. O-O-O O-O 13. f4 b4 {B42: Sicilian: Kan Variation: 5 Bd3} 14. Na4 e5 15. f5 Bd7 16. g5 Ne8 17. Qe3 Rb7 {LiveBook: 3 Games} 18. Bxa6 Ra7 $146 (18... Rb8 $11 {keeps the balance.}) ({Predecessor:} 18... Rb8 19. Bc4 Kh8 20. Rhg1 Qc7 21. Qd3 {1-0 (39) Sax,G (2525)-Bezold,M (2495) Muenster 1996}) 19. Bb5 $16 Nd4 20. Nxd4 exd4 21. Qxd4 Rxa4 22. Bxa4 Qxg5+ 23. Kb1 (23. Qd2 $16 Qxd2+ 24. Rxd2 Bxa4 25. Re1) 23... Bxa4 $11 24. Qxb4 Bc6 25. Rhe1 Qf4 26. Qd2 (26. a4 $16) 26... Qe5 27. Qc3 Qxc3 28. bxc3 f6 29. Rd4 Rf7 30. Rc4 Bb7 31. Rd1 Re7 32. Rdd4 Kf7 33. a4 Rd7 {[%mdl 1024] Black has compensation.} 34. a5 Ke7 35. Rb4 Ba6 36. Rb6 Ra7 37. Kc1 Bc8 38. Rc4 Kd7 39. Ra4 Ba6 40. Kd2 Nc7 41. Rd4 Ne8 $1 42. c4 Kc7 (42... Bb7 $11) 43. Kc3 (43. c5 $1 $16 {[%cal Rc5d6]} dxc5 44. Rd5) 43... Bb7 44. Kb4 Bc6 45. Rd3 Ra8 46. Re3 h6 47. h3 Ra7 48. Rc3 Kd7 49. a6 $1 Nc7 50. Ka5 $1 {c5 is the strong threat.} Bxe4 51. Rg3 Bxf5 52. Rxg7+ Ke6 53. c5 (53. Rb7 $1 $16 {[%cal Rb7a7]} Rxa6+ 54. Kb4) 53... Rxa6+ $1 54. Rxa6 Nxa6 55. Kxa6 dxc5 {[%mdl 4096] Endgame KR-KB} 56. c4 {Strongly threatening h4.} Bxh3 57. Kb6 h5 58. Kxc5 {Threatens to win with Kd4.} Bg4 $2 {[%mdl 8192]} (58... Ke5 $11) 59. Kd4 (59. Kb6 $142 f5 60. c5) 59... Bf3 60. Rh7 Kf5 61. Ke3 $1 {[%cal Re3f3]} Bg4 62. Re7 Bd1 63. c5 $2 (63. Re4 $18 {has better winning chances.}) 63... Ba4 $16 64. Rh7 Kg4 $2 {[%mdl 8192]} (64... Ke5 $16 65. Rxh5+ f5) 65. Rg7+ $2 (65. Ra7 Bb5 66. Rb7 Be8 67. Rb6 h4 68. c6 h3 69. c7 Bd7 70. Rxf6) 65... Kf5 66. Rh7 $2 {[%mdl 8192]} (66. Ra7 $16 Bc6 67. Rc7) 66... Kg4 $1 67. Rh6 $2 (67. Ra7 Bb5 68. Rb7 Be8 69. Rb6 h4 70. c6 h3 71. c7 Bd7 72. Rxf6) 67... Kg5 $18 68. Rh8 h4 $2 (68... Kf5 69. Rxh5+ Ke6) 69. Rc8 h3 70. Kf3 $2 (70. c6 $1 $18) 70... Kf5 $16 71. Kg3 Ke5 72. Rd8 Bc6 73. Kxh3 Bd5 74. Kg3 Bc6 75. Kf2 f5 76. Rd6 Bd5 $2 {[%mdl 8192]} (76... Ba4 $16 77. Kg3 f4+ 78. Kf2 Be8) 77. Rd8 $2 (77. Rh6 Bf7 78. c6 Be6 79. c7 Bd7 80. Rh8 Ke6 81. c8=Q Bxc8 82. Rxc8) 77... Bc6 78. Ke3 f4+ 79. Kd3 Bb5+ 80. Kd2 $1 Bc6 81. Kc3 {aiming for Rd6.} Bb7 82. Kc4 ({White should try} 82. Rd6 $16) 82... Bc6 $11 83. Kc3 (83. Rf8 $11) 83... Bb7 $1 $16 84. Kb4 (84. Rd6 $16) 84... Bc6 $2 (84... Be4 $11) 85. Kc4 $1 $18 Ba4 86. Rh8 (86. Rd5+ $18 Ke4 87. Rd6) 86... Ke4 $2 {[%mdl 8192]} (86... f3 $11 {and Black is okay.}) 87. Rh6 $2 (87. Rh7 $1 $18) 87... Ke3 $2 {[%mdl 8192]} (87... f3 $11) 88. Re6+ Kd2 89. Kd4 f3 90. Rf6 $2 (90. Ra6 $1 {mates} Bc2 91. Rf6 Ke2 92. c6 Ba4 93. Re6+ Kd2 94. c7 Bd7 95. Re7) 90... Ke2 $11 91. Re6+ $2 {[%mdl 8192]} (91. c6 $11 Bxc6 92. Rxc6) 91... Kd2 92. Ra6 $1 Bd1 93. Rf6 Ke2 94. c6 {[%cal Bc5c6,Bc6c7][%mdl 32]} Ba4 95. Re6+ Kd2 96. c7 Bd7 97. Ra6 (97. Re7 $142 Bg4 98. Rf7) 97... f2 $18 98. Ra2+ $1 Ke1 {[#]} 99. Ra1+ $2 ({White must play} 99. Ke3 $1 $18 {[%cal Ra2a1]} f1=N+ 100. Kf4) 99... Ke2 $11 100. Ra2+ Ke1 $2 {[%mdl 8192] [#]} (100... Kf3 $11 101. Ra1 Kg2) 101. Ke3 $1 $18 {[%cal Ra2a1]} ({Weaker is} 101. Ra1+ Ke2 $11) 101... f1=N+ 102. Kd4 Nd2 (102... Ng3 $142 103. Rg2 Nf5+ 104. Ke5 Ne3) 103. Ra8 Ke2 104. Rd8 Bh3 105. Re8+ Kf2 106. Rh8 Bg4 107. Rh2+ Ke1 108. Kd5 Nf3 $2 (108... Kd1 109. Rg2 Bd7) 109. Rh6 Bc8 110. Rh8 {White mates.} Bb7+ 111. Kc5 Ng5 112. Kb6 Nf7 113. Kxb7 {Precision: White = 47%, Black = 46%.} 1-0